000 00702nam a22002537a 4500
003 CHAP
005 20220329135645.0
008 971013s1978 r 00010 d
010 _a40054
011 _a41026
035 _a45152
040 _cCHAP
090 _aFolleto 7398
110 _aE.U.A. Forest Products Laboratory
_934932
245 _aDrying of wood
260 _aMadison, Wis. :
_bThe Laboratory,
_c(1978)
300 _a11 p.
590 _aBATCH-UPD
_b10
_c20130110
_lUCH01
_h2040
590 _aCONVERSION
_b10
_c20130109
_lUCH01
_h1322
650 1 4 _aMadera aserrada
_xSecado.
_969642
901 _aBK
942 _cFOLL
949 _aFolleto 7398
_bBC
_cFOLL
_d-103301
_eTS1
_i45152
_si
_t23.00
999 _c40054
_d40054